000 00597nam a22002057a 4500
003 koha_MIRAKIL
005 20231213095944.0
008 231213b |||||||| |||| 00| 0 ||| d
020 _b978-6-05-081311-1
040 _aTR-IsEVY
_btur
_cTR-IsEVY
082 _a956.226 DUR/İ
100 _aDursun, Haluk, 1957-
245 0 _aİncir çekirdeği
_bHereke'den çıktım yola
250 _a1. basım.
260 _bTimaş Yayınları,
_c2014
300 _a272 s.
650 _aHereke (Turkey) -- Description and travel.
650 _aHereke (Turkey) -- Personal narratives.
942 _2ddc
_cBK
999 _c12153
_d12153